Normal view
MARC view
- Shahnaz, Iram
Entry Personal Name
001 - CONTROL NUMBER
- control field: 119993
003 - CONTROL NUMBER IDENTIFIER
- control field: NUST
005 - DATE AND TIME OF LATEST TRANSACTION
- control field: 20240122110524.0
008 - FIXED-LENGTH DATA ELEMENTS
- fixed length control field: 240122|| aca||aabn | a|a d
040 ## - CATALOGING SOURCE
- Original cataloging agency: NUST
- Transcribing agency: NUST
100 ## - HEADING--PERSONAL NAME
- Personal name: Shahnaz, Iram
670 ## - SOURCE DATA FOUND
- Source citation: Work cat.: (NUST): Shahnaz, Iram , Design of Passive Controlled Iot Based Smart Cpm for Lower Limb /
